00997 a2200217 4500020001500000020001800015082001100033090001500044100001900059245004000078250001200118260003700130300002100167500001500188520027700203856008200480856008700562942002400649999001900673952008700692 a0321014553 a978032101455904a658.15 c2526d25261 aEmery, Gary W.10aCorporate finance /cGary W. Emery. a1st ed. a[S.l.] :bAddison Wesley,c1998. a893 p. ;c25 cm. aHardcover. aExplains economic logic, intuition and procedures of financial valuation. Demonstrates how to apply finance valuation principles to realistic investment and operating decision. Describes the principles that shape companies' financial policies. DLC: Corporations - Finance.403Amazon.comuhttp://www.amazon.com/exec/obidos/ASIN/0321014553/chopaconline-20403Amazon customer reviewsuhttp://www.chopac.org/cgi-bin/tools/azrev.pl?q=0321014553 aNBScBKk658.15 EME c345021d345021 00104070aCLbCLd2013-08-28l0o658.15 EMEpNBS1217r2013-08-28w2013-08-28yBK